La cajita /

En este libro conocerás la historia del perro Manchitas, que se siente muy solo, no consigue que ninguno de los otros juguetes comparta su buen humor. Sin embargo, todos reparan en él cuando descubre una cajita misteriosa con un contenido iluminador.

Bibliographic Details
Main Author: Vicente, Marta
Format: Libro
Language:Spanish
Published: México Fondo de Cultura Económica 2004
Subjects:
Online Access:

MARC

LEADER 00000cam a2200000 a 4500
001 020691
003 UAHC_CL
005 20170803121917.0
008 140108s2004 mx 000 j spa
020 |a 9681671813 
040 |a UAHC_CL  |c UAHC_CL  |d UAHC_CL 
082 0 4 |a 808.068  |b V632  |2 21 
100 1 |a Vicente, Marta 
245 1 3 |a La cajita /  |c Marta Vicente. 
260 |b Fondo de Cultura Económica  |a México  |c 2004 
300 |a 32 p. 
520 |a En este libro conocerás la historia del perro Manchitas, que se siente muy solo, no consigue que ninguno de los otros juguetes comparta su buen humor. Sin embargo, todos reparan en él cuando descubre una cajita misteriosa con un contenido iluminador. 
650 4 |a LIBROS ILUSTRADOS PARA NIÑOS 
650 4 |a LITERATURA INFANTIL 
653 |a PEDAGOGIA EN EDUCACION BASICA 
658 |a Ferrando, Miriam 
900 |a 808.068 VIC 
942 |c BK 
952 |0 0  |1 0  |4 0  |6 808_068000000000000_VIC  |7 0  |8 General  |9 41363  |a BC  |b BR  |c General  |d 2017-08-03  |l 5  |o 808.068 VIC  |p 1411474  |r 2026-01-13 00:00:00  |s 2024-07-18  |t 1  |w 2017-08-03  |y BK 
999 |c 20691  |d 20691